| 000 | 00367cam a2200145ua 4500 | ||
|---|---|---|---|
| 041 |
_aeng _h |
||
| 082 |
_a420 _bHOO/IN |
||
| 100 | _aHooper, A.G . | ||
| 245 |
_aIntroduction to study of languageand litrature / _cHooper.A.G. _hTextual Documents |
||
| 260 |
_aLondon : _bLongman , _c1963. |
||
| 300 | _a253 ; . | ||
| 504 | _a | ||
| 942 | _cBK | ||
| 999 |
_c12451 _d12451 |
||